|
|
|
|
| LEADER |
04151nam a2200529 a 4500 |
| 001 |
3432014 |
| 003 |
BD-DhAAL |
| 008 |
910328r20081992ilua b 001 0 eng d |
| 010 |
|
|
|a 91014526
|
| 020 |
|
|
|a 9780070601673
|
| 020 |
|
|
|a 0070601674
|
| 020 |
|
|
|a 0070257426 (text)
|
| 020 |
|
|
|a 0070257434 (experiments manual)
|
| 020 |
|
|
|a 0070257442 (instructor's manual)
|
| 040 |
|
|
|a DLC
|c DLC
|d DLC
|d BD-DhAAL
|
| 082 |
0 |
0 |
|a 005.26
|2 20
|
| 100 |
1 |
|
|a Hall, Douglas V.
|9 31543
|
| 245 |
1 |
0 |
|a Microprocessors and interfacing :
|b programming and hardware /
|c Douglas V. Hall.
|
| 250 |
|
|
|a Revised second edition
|
| 260 |
|
|
|a Lake Forest, Ill. :
|b Glencoe;
|a New Delhi:
|b Tata McGraw-Hill,
|c c1992 [reprinted 2008].
|
| 300 |
|
|
|a xii, (various pagins). :
|b illustrations ;
|c 29 cm.
|
| 504 |
|
|
|a Includes bibliographical references and index.
|
| 541 |
1 |
|
|e 00019456
|
| 650 |
|
0 |
|a Microprocessors
|x Programming.
|9 31544
|
| 650 |
|
0 |
|a Microprocessors.
|
| 650 |
|
0 |
|a Computer interfaces.
|
| 650 |
|
0 |
|a Computer science.
|
| 852 |
4 |
|
|a Ayesha Abed Library
|j General Shelf.
|
| 942 |
0 |
0 |
|0 8
|2 ddc
|c BK
|
| 999 |
|
|
|c 4816
|d 4816
|
| 952 |
|
|
|0 0
|1 0
|2 ddc
|4 0
|6 005_260000000000000_HAL_2008
|7 0
|9 4634
|a BRACUL
|b BRACUL
|c GEN
|d 2009-10-24
|g 560.00
|l 21
|m 201
|o 005.26 HAL
|p 3010019456
|r 2026-02-23
|s 2026-02-03
|t 1
|v 1120.00
|w 2009-10-25
|y BK
|
| 952 |
|
|
|0 0
|1 0
|2 ddc
|4 0
|6 005_260000000000000_HAL_2008
|7 0
|9 4635
|a BRACUL
|b BRACUL
|c GEN
|d 2009-10-24
|g 560.00
|l 21
|m 139
|o 005.26 HAL
|p 3010019457
|r 2025-05-26
|s 2025-02-22
|t 2
|v 1120.00
|w 2009-10-25
|y BK
|
| 952 |
|
|
|0 0
|1 0
|2 ddc
|4 0
|6 005_260000000000000_HAL_2008
|7 0
|9 6717
|a BRACUL
|b BRACUL
|c GEN
|d 2010-01-02
|l 22
|m 213
|o 005.26 HAL
|p 3010019626
|r 2026-05-21
|s 2025-10-18
|t 3
|w 2010-01-02
|y BK
|
| 952 |
|
|
|0 0
|1 0
|2 ddc
|4 0
|6 005_260000000000000_HAL_2008
|7 0
|9 6718
|a BRACUL
|b BRACUL
|c GEN
|d 2010-01-02
|l 21
|m 231
|o 005.26 HAL
|p 3010019627
|r 2026-01-21
|s 2025-10-22
|t 4
|w 2010-01-02
|y BK
|
| 952 |
|
|
|0 0
|1 0
|2 ddc
|4 0
|6 005_260000000000000_HAL_2008
|7 0
|9 6719
|a BRACUL
|b BRACUL
|c GEN
|d 2010-01-02
|l 18
|m 249
|o 005.26 HAL
|p 3010019628
|r 2025-05-25
|s 2024-10-20
|t 5
|w 2010-01-02
|y BK
|
| 952 |
|
|
|0 0
|1 4
|2 ddc
|4 0
|6 005_260000000000000_HAL
|7 0
|9 6720
|a BRACUL
|b BRACUL
|c GEN
|d 2010-01-02
|l 0
|o 005.26 HAL
|p 3010019629
|r 2010-01-02
|t 6
|w 2010-01-02
|y BK
|x Koha Inventory 2020
|
| 952 |
|
|
|0 0
|1 0
|2 ddc
|4 0
|6 005_260000000000000_HAL_2008
|7 0
|9 6721
|a BRACUL
|b BRACUL
|c GEN
|d 2010-01-02
|l 10
|m 106
|o 005.26 HAL
|p 3010019630
|r 2026-01-15
|s 2025-10-11
|t 7
|w 2010-01-02
|y BK
|
| 952 |
|
|
|0 0
|1 4
|2 ddc
|4 0
|6 005_260000000000000_HAL
|7 0
|9 6722
|a BRACUL
|b BRACUL
|c GEN
|d 2010-01-02
|l 0
|o 005.26 HAL
|p 3010019631
|r 2010-01-02
|t 8
|w 2010-01-02
|y BK
|x Koha Inventory 2020
|
| 952 |
|
|
|0 0
|1 4
|2 ddc
|4 0
|6 005_260000000000000_HAL
|7 0
|9 6723
|a BRACUL
|b BRACUL
|c GEN
|d 2010-01-02
|l 0
|o 005.26 HAL
|p 3010019632
|r 2010-01-02
|t 9
|w 2010-01-02
|y BK
|x Koha Inventory 2020
|
| 952 |
|
|
|0 0
|1 0
|2 ddc
|4 0
|6 005_260000000000000_HAL_2008
|7 0
|9 6724
|a BRACUL
|b BRACUL
|c GEN
|d 2010-01-02
|l 22
|m 180
|o 005.26 HAL
|p 3010019633
|r 2025-05-25
|s 2024-10-20
|t 10
|w 2010-01-02
|y BK
|
| 952 |
|
|
|0 0
|1 0
|2 ddc
|4 0
|6 005_260000000000000_HAL_2008
|7 0
|9 6725
|a BRACUL
|b BRACUL
|c GEN
|d 2010-01-02
|l 19
|m 226
|o 005.26 HAL
|p 3010019634
|r 2024-10-28
|s 2024-06-06
|t 11
|w 2010-01-02
|y BK
|
| 952 |
|
|
|0 0
|1 0
|2 ddc
|4 0
|6 005_260000000000000_HAL_2008
|7 0
|9 6726
|a BRACUL
|b BRACUL
|c GEN
|d 2010-01-02
|l 22
|m 257
|o 005.26 HAL
|p 3010019635
|r 2024-11-12
|s 2024-10-31
|t 12
|w 2010-01-02
|y BK
|
| 952 |
|
|
|0 0
|1 0
|2 ddc
|4 0
|6 005_260000000000000_HAL_2005
|7 0
|9 13819
|a BRACUL
|b BRACUL
|c GEN
|d 2011-01-13
|l 15
|m 86
|o 005.26 HAL
|p 3010014540
|r 2026-02-02
|s 2025-04-28
|t 13
|w 2011-01-13
|y BK
|
| 952 |
|
|
|0 0
|1 0
|2 ddc
|4 0
|6 005_260000000000000_HAL_2005
|7 0
|9 13820
|a BRACUL
|b BRACUL
|c GEN
|d 2011-01-13
|l 15
|m 118
|o 005.26 HAL
|p 3010014335
|r 2026-02-25
|s 2026-02-01
|t 14
|w 2011-01-13
|y BK
|
| 952 |
|
|
|0 0
|1 0
|2 ddc
|4 0
|6 005_260000000000000_HAL_2005
|7 0
|9 13821
|a BRACUL
|b BRACUL
|c GEN
|d 2011-01-13
|l 15
|m 136
|o 005.26 HAL
|p 3010014539
|r 2022-07-25
|s 2020-02-16
|t 15
|w 2011-01-13
|y BK
|
| 952 |
|
|
|0 0
|1 0
|2 ddc
|4 0
|6 005_260000000000000_HAL_2004
|7 0
|9 13822
|a BRACUL
|b BRACUL
|c GEN
|d 2011-01-13
|l 17
|m 126
|o 005.26 HAL
|p 3010014334
|r 2026-05-19
|s 2026-01-17
|t 16
|w 2011-01-13
|y BK
|
| 952 |
|
|
|0 0
|1 0
|2 ddc
|4 0
|6 005_260000000000000_HAL_2000
|7 0
|9 13823
|a BRACUL
|b BRACUL
|c GEN
|d 2011-01-13
|l 11
|m 91
|o 005.26 HAL
|p 3010007733
|r 2025-07-09
|s 2025-04-23
|t 17
|w 2011-01-13
|y BK
|